Central Library OPAC University of Rajshahi

Classical mechanics / (Record no. 60017)

MARC details
000 -LEADER
fixed length control field 00699nam a2200229 a 4500
001 - CONTROL NUMBER
control field 60017
003 - CONTROL NUMBER IDENTIFIER
rucl marc code BD-RjUL
005 - DATE AND TIME OF LATEST TRANSACTION
control field 20211209080809.0
008 - FIXED-LENGTH DATA ELEMENTS--GENERAL INFORMATION
fixed length control field 161229r19791934maua 00100 eng
035 ## - SYSTEM CONTROL NUMBER
System control number (BD-RjUL)60141
040 ## - CATALOGING SOURCE
Original cataloging agency DLC
Transcribing agency URB
Modifying agency OCL
-- m.c.
-- BD-RjUL
Language of cataloging eng
041 ## - LANGUAGE CODE
Language code of text/sound track or separate title eng
082 ## - DEWEY DECIMAL CLASSIFICATION NUMBER
Edition number 23
Classification number 531
Author mark and year KHC 1979
090 ## - LOCALLY ASSIGNED LC-TYPE CALL NUMBER (OCLC); LOCAL CALL NUMBER (OCLC)
Classification number (OCLC) (R) ; Classification number, CALL (RLIN) (NR) QA805
Local cutter number (OCLC) ; Book number/undivided call number, CALL (RLIN) .F501
100 10 - MAIN ENTRY--PERSONAL NAME
Personal name Khanna, K. M. (Kapil Mohan), 1934-
9 (RLIN) 178578
245 10 - TITLE STATEMENT
Title Classical mechanics /
Statement of responsibility, etc. Kapil Mohan Khanna
260 ## - PUBLICATION, DISTRIBUTION, ETC. (IMPRINT)
Place of publication, distribution, etc. New Delhi :
Name of publisher, distributor, etc. Today & tomorrow's printers and Publishers,
Date of publication, distribution, etc. c1934 [Reprinted 1979].
300 ## - PHYSICAL DESCRIPTION
Pagination xii, 229 p. :
Illustrations ill. ;
Size 23 cm.
500 ## - GENERAL NOTE
General note Includes index.
650 #0 - SUBJECT ADDED ENTRY--TOPICAL TERM
Topical term or geographic name as entry element Mechanics, Analytic.
9 (RLIN) 21040
942 ## - ADDED ENTRY ELEMENTS (KOHA)
Source of classification or shelving scheme Dewey Decimal Classification
Koha item type Books
Holdings
Lost status Source of classification or shelving scheme Damaged status Not for loan Collection code Permanent Location Current Location Shelving location Date acquired Total Checkouts Full call number Date last seen Copy number Koha item type Source of acquisition
  Dewey Decimal Classification   Not For Loan Non-fiction Central Library, University of Rajshahi Central Library, University of Rajshahi Reading Room 27/11/1983   531 KHC 1979 28/12/2016 C-1 Books  
  Dewey Decimal Classification     Non-fiction Central Library, University of Rajshahi Central Library, University of Rajshahi   27/11/1983   531 KHC 1979 16/04/2017 C-2 Books R.U.L